Footballers scored in World Cup knockout stage - Statistics

General Stats
  • This quiz has been taken 59 times
    41 since last reset
  • The average score is 3 of 27
Answers on the Grid
Answers color-coded by a green-red scale on the quiz's grid according to % correct below.
Paul Pogba
Zlatan Ibrahimović
Mohamed Salah
Didier Drogba
Eden Hazard
Cristiano Ronaldo
Luis Suárez
Andrés Iniesta
Edinson Cavani
Robert Lewandowski
Wayne Rooney
Harry Kane
Andriy Shevchenko
Raphaël Varane
David Beckham
Neymar
Bukayo Saka
Sergio Agüero
Alan Shearer
Gonzalo Higuaín
Kaká
Hernán Crespo
Mario Balotelli
Marcus Rashford
Emilio Butragueño
Carlos Tevez
Karim Benzema
Dimitar Berbatov
Gareth Bale
Vinícius Júnior
Son Heung-min
Alexis Mac Allister
Gabriel Jesus
Romelu Lukaku
David Silva
Bernardo Silva
Kevin De Bruyne
Ricardo Quaresma
Marco Reus
Andy Cole
Patrick Vieira
Pedro
Fernando Torres
Álvaro Morata
Luís Figo
Deco
Johan Cruyff
Arjen Robben
Franck Ribéry
Ruud van Nistelrooy
 
Answer Stats
Answer % Correct
Paul Pogba
80%
Andrés Iniesta
33%
Luis Suárez
33%
Edinson Cavani
27%
Harry Kane
20%
David Beckham
13%
Raphaël Varane
13%
Arjen Robben
7%
Carlos Tevez
7%
Fernando Torres
7%
Gonzalo Higuaín
7%
Johan Cruyff
7%
Neymar
7%
Romelu Lukaku
7%
Alan Shearer
0%
Bukayo Saka
0%
Deco
0%
Emilio Butragueño
0%
Franck Ribéry
0%
Hernán Crespo
0%
Karim Benzema
0%
Kevin De Bruyne
0%
Marcus Rashford
0%
Patrick Vieira
0%
Ricardo Quaresma
0%
Sergio Agüero
0%
Vinícius Júnior
0%
No matching quizzes found
Score Distribution
Percent of People with Each Score
Percentile by Number Answered
Your Score History
You have not taken this quiz since the last reset